| 000 | 00459nam a22001817a 4500 | ||
|---|---|---|---|
| 003 | UA-OsUOA | ||
| 001 | 10518 | ||
| 007 | ta | ||
| 008 | 20030603b un ||||| |||| 00| 0 ukr d | ||
| 942 | _cBK | ||
| 040 |
_aUA-OsUOA _brus _cUA-OsUOA _dUA-OsUOA |
||
| 245 |
_aИностранная литература _bЛитературно-художественный журнал |
||
| 955 | _a0 | ||
| 041 | _arus | ||
| 260 |
_aМ. _c1891 |
||
| 044 | _aRU | ||
| 650 | 7 | _2UDC | |
| 999 |
_c296679 _d296679 |
||